| 000 | 00623nam a2200205Ia 4500 | ||
|---|---|---|---|
| 005 | 20250508165311.0 | ||
| 008 | 008 250505s9999 xx 000 0 eng d | ||
| 020 | _a81-7060-101-0 | ||
| 037 | _aTextual | ||
| 040 |
_aFEDL _beng _cFEDL |
||
| 041 |
_aeng _2eng |
||
| 084 |
_a378, ALV _qFEDL |
||
| 100 |
_aAlvares Claude Ed. _9462616 |
||
| 245 | 0 | _aMultiversity: .Freeing children from the tyranny of schooling bringing colour back into academic studies | |
| 260 |
_aGoa, India _bOther India Pres _c2004 |
||
| 300 | _a154p. | ||
| 365 |
_aINR _b150 |
||
| 942 |
_cTEXL _h378, ALV |
||
| 999 |
_c1394289 _d1394289 |
||